European consensus and the legitimacy of the European Court of Human Rights

Saved in:
Bibliografiske detaljer
Hovedforfatter: Dzehtsiarou, Kanstantsin (Author)
Format: Bog
Sprog:engelsk
Udgivet: Cambridge Cambridge University Press 2016
Udgivelse:1a. ed
Fag:
Tags: Tilføj Tag
Ingen Tags, Vær først til at tagge denne postø!

MARC

LEADER 00000cam a2200000 a 4500
001 UCC9442
003 CL-VaPUC
008 190927e20160000uk |||||||||||||||||eng|d
020 |a 9781107678019 
082 0 4 |a 342.24085  |b DZE  |2 21 
100 0 |a Dzehtsiarou, Kanstantsin  |e author  |9 604517 
245 1 0 |a European consensus and the legitimacy of the European Court of Human Rights 
250 |a 1a. ed 
300 |a 229 p 
942 |c BK 
945 |d 20190927 15:31:00  |a dcastane 
260 |a Cambridge  |b Cambridge University Press  |c 2016 
600 0 7 |a TRIBUNAL EUROPEO DE DERECHOS HUMANOS  |2 CL-VaPUC  |9 384901 
650 0 |a Tribunales internacionales   |9 256072 
650 0 |a Derechos humanos  |9 223025 
583 |a last modification  |c 20190927 15:31:00  |k Rodrigo Vera 
999 |c 375623  |d 375621 
952 |0 0  |1 0  |3 erb  |4 0  |6 342_240850000000000_DZE_2016  |7 0  |8 WP_COW  |9 561446  |a BIBDER  |b BIBDER  |e Fundación W and P Cowley  |i 5602491  |o 342.24085 DZE 2016  |p 5602491  |r 2023-01-25  |w 2020-03-12  |y BK  |z Catalogado en:20190927  |k WPC